Statistics for Countries With the Most Gold

Click here to take the quiz!

General Stats

  • This quiz has been taken 345 times
  • The average score is 8 of 10

Answer Stats

Gold Holdings (kg)Country% Correct
8,133,000United States
100%
1,054,000China
95%
1,094,000Russia
95%
2,435,000France
87%
3,384,000Germany
86%
558,000India
85%
765,000Japan
85%
2,451,000Italy
81%
1,040,000Switzerland
62%
612,000Netherlands
54%

Score Distribution

Percentile by Number Answered

Percent of People with Each Score

Your Score History

You have not taken this quiz